000 01000nam a2200241Ia 4500
001 17373
003 GE_BSU
008 181216s||||||||xx |||||||||||||| ||und||
040 _cGE_BSU
080 _a821.353.1-32 + 821.353.1.09
100 _aლომიძე,ანდრო
245 _aადამიანს სიცოცხლე სწყურია
245 _bმოთხრობები,წერილები,ქართული ლიტერატურის ისტორია კრიტიკა
245 _cრედ.:ნ.ხომერიკი;მხატვ.:დ.ბერძენიშვილი
260 _aთბილისი
260 _bმერანი
260 _c1982
300 _a379გვ. ; 20სმ.
653 _aმოთხრობები
653 _aქართული ლიტერატურის ისტორია და კრიტიკა
653 _aწერილები
942 _cBK
999 _c50429
_d50429